000 00630nam a22001937a 4500
008 160322b xxu||||| |||| 00| 0 eng d
020 _a978-0-07-11483-7
082 _22010
_aDC 302.2
_bG14
100 _94278
_aGamble, Teri Kwal
245 _aCommunication works /
_cTeri Kwal Gamble, Michael Gamble.
250 _aTenth Edition
260 _aNew York, NY :
_bMcGraw-Hill,
_cc2010.
300 _axx, 524 pages :
_billustrations (some col.) ;
_c26 cm.
500 _aIncludes index, glossary and references.
650 0 _94280
_aCommunication
700 _94281
_aGamble, Michael
365 _b3,095.00
_cPhp
942 _2ddc
_cDC
999 _c1413
_d1413